000 00594cam a2200193 a 4500
001 000008056
005 20240529124642.0
008 880317s1986 cu 001 0 spa
040 _aDO-SdBNP
_cDLC
_dDLC
082 _a869.342
_bC331c
100 1 _aCarvalho, André.
_921961
245 1 0 _aCubalibre :
_bnovela /
_cAndré Carvalho.
260 _aLa Habana :
_bCasa de las Américas,
_c1986.
300 _a170 p. ;
_c19 cm.
586 _a"Premio Casa de las Américas 1985".
650 0 _aNovela brasileña
_913650
650 4 _aLiteratura brasileña
_9823
910 _aCatalogación por copia / LC
999 _c7833
_d7833